• 首页
  • 本馆介绍
  • 公告通知
  • 最新文献
  • 馆藏检索
  • 电子资源
  • 读者导购
  • 参考咨询
  • 我的图书馆
  • 登录
  • 详细信息显示
  • 放入我的书架
  • 预约/预借图书
  • 作者相关作品
  • 分类相关作品
  • 丛书相关作品
  • 出版社相关作品

书目信息

  • 表格格式
  • 工作单格式
  • 卡片格式
题名:
心理诊断法
    
 
作者: 罗夏 , Rorschach 著 ;袁军 译
分册:  
出版信息: 杭州   浙江教育出版社  1997
页数: 267页
开本: 20cm
丛书名: 20世纪心理学通览
单 册:
中图分类: B841.7
科图分类: 59.8054
主题词: 心理诊断
电子资源:
ISBN: 7-5338-2343-5
000 00867nam2 2200289 45
001 1573463872
005 20150128134641.98
010    @a7-5338-2343-5@dCNY11.75
100    @a19980428d1997 emky0chiy0121 ea
101 1  @achi@beng@cger
102    @aCN@b330000
105    @ay z 000yd
200 10 @a心理诊断法@Axin li zhen duan fa@f[德]赫尔曼·罗夏(Hermann Rorschach)著@g袁军译
210    @a杭州@c浙江教育出版社@d1997
215    @a267页@d20cm
225 2  @a20世纪心理学通览
300    @a据波恩汉斯·胡贝尔出版社1942年版、瑞士1951年印刷本译出
410  0 @120010@a20世纪心理学通览
510 1  @aPsychodiagnostics@zeng
606    @a心理诊断
690    @aB841.7@v3
692    @a59.8054@v2
701  1 @a罗夏@Aluo xia@bK.@4著
701 A1 @aRorschach@bHermann@4著
702  0 @a袁军@Ayuan jun@4译
801  0 @aCN@bTSSF@c20150128
905    @aZUCC@dB841.7@eJY4
    
    心理诊断法/[德]赫尔曼·罗夏(Hermann Rorschach)著/袁军译.-杭州:浙江教育出版社,1997
    267页;20cm.-(20世纪心理学通览)
    据波恩汉斯·胡贝尔出版社1942年版、瑞士1951年印刷本译出
    
    ISBN 7-5338-2343-5:CNY11.75
    
●
相关链接 在E读中查询图书 在五车中查询图书 在当当中查询图书 在豆瓣中查询图书


正题名:心理诊断法     索取号:B841.7/JY4         预约/预借

序号 登录号 条形码 馆藏地/架位号 状态 备注
1 7858583   278585835   学院路分馆/ [索取号:B841.7/JY4] 在馆    
唐山师范学院图书馆 欢迎您!
大连网信软件有限公司© 版权所有